Quizzes
Events
Quiz Creation
Community
Videos
Private Events
Remove Ads
Sign In
Join for FREE
Feedback
Dark Mode
Quiz Categories
Sports
Geography
Music
Movies
Television
Just For Fun
Miscellaneous
History
Literature
Language
Science
Gaming
Entertainment
Religion
Holiday
For Kids
Quiz Lab
Recent
Popular Today
Quiz Kudos Today
Editor Picks
Curator Picks
Quizzes by...
Day
Popularity
Type
Ratings
Length
Year
Community
Subscriptions
Recent Discussions
Orange Saloon
Badges
Playlists
Quests
Create
Leaderboards
Showdown
Live 5
Trivia Bingo
Activity
Puzzle Library
Sporcle Events
Private Events
Virtual Trivia
Globe League
Become a Host
Pub Owners
SporcleCon
Opinionation
Our Games
Videos
Blog
Mobile Apps
Partnerships
Remove Ads and Go Orange
Feedback
Movies
Disney
Marvel Cinematic Universe
Movie Resume
Movie Titles
Oscar
Actor
Actress
Director
Pixar
Role
Movie Quotes
Movie Characters
Box Office
Nominee
Best Picture
Star Wars
James Bond
Horror Movies
Movies
Disney
Marvel Cinematic Universe
Movie Resume
Movie Titles
Oscar
Actor
Actress
Director
Pixar
Role
Movie Quotes
Movie Characters
Box Office
Nominee
Best Picture
Star Wars
James Bond
Horror Movies
Random Quiz
Search Sporcle
×
Quiz Lab
Quiz Lab
Movies
Director
Type in answers that appear in a list
Type in answers that appear in a list
Classic
Best Score? Go Orange.
They Shoot Pictures Don't They? Top 100 Stats
Can you name the top 100 films as listed by 'They Shoot Pictures, Don't They?'?
By
kevintiger
15m
100 Questions
475 Plays
475 Plays
475 Plays
Comments
Comments
Give Quiz Kudos
Give Quiz Kudos
-
- Ratings
hide this ad
Replay
Link that replays current quiz
Next Quiz
Link to next quiz in quiz playlist
You Got
0%
They Got
Avg Score
58%
Avg Friend Score
Upgrade to see
Score Distribution
Jump to the score distribution portion of the page
Score
0/100
Timer
15:00
0
Plays Today
Placing
Film
% Correct
6
The Godfather
96.8%
1
Citizen Kane
96.6%
32
Psycho
93.3%
2
Vertigo
91.6%
20
The Godfather Part II
91.6%
53
M
87.6%
35
Apocalypse Now
86.3%
47
Rear Window
85.1%
9
Shichinin no samurai
84.6%
4
2001: A Space Odyssey
84.4%
28
Taxi Driver
83.8%
49
North by Northwest
83.4%
11
Singin' in the Rain
82.7%
15
Casablanca
82.5%
18
Raging Bull
82.5%
36
Chinatown
82.3%
39
Dr Strangelove: Or How I Learned to Stop Worrying and Love the Bomb
81.9%
7
The Searchers
79.8%
5
8 1/2
79.6%
13
Lawrence of Arabia
79.4%
46
Blade Runner
77.9%
45
It's a Wonderful Life
77.3%
22
Some Like it Hot
77.1%
23
City Lights
76.2%
93
A Clockwork Orange
74.3%
99
GoodFellas
74.1%
8
Battleship Potemkin
73.7%
60
Gone With the Wind
73.5%
24
The Third Man
73.3%
30
The General
70.9%
29
Sunset Blvd
70.5%
55
The Apartment
70.3%
19
Rashômon
70.1%
48
Modern Times
69.5%
Placing
Film
% Correct
14
Ladri di biciclette
68.8%
27
The Gold Rush
68.6%
44
The 400 Blows
68.6%
52
Det Sjunde inseglet
68.6%
70
Metropolis
68.4%
62
The Wizard of Oz
67.8%
10
Tôkyô monogatari
67.6%
21
Touch of Evil
67.6%
26
La Dolce Vita
67.4%
33
À bout de souffle
66.9%
73
C'era una volta il West
65.9%
12
Sunrise: A Song of Two Humans
65.1%
3
La Règle du jeu
64.4%
67
Nashville
63.4%
57
Smultronstället
62.9%
58
The Wild Bunch
61.9%
37
The Night of the Hunter
61.5%
40
Persona
61.5%
43
The Magnificent Ambersons
61.3%
51
Intolerance
59.8%
92
Barry Lyndon
59.2%
72
All About Eve
58.1%
74
Fanny och Alexander
57.1%
83
Stagecoach
56.4%
75
Notorious
54.7%
38
L'Avventura
53.5%
17
La Passion de Jeanne d'Arc
52.8%
41
Andrei Rublev
52.8%
94
Double Indemnity
52.2%
25
La Grande illusion
52%
42
Jules et Jim
51.4%
50
La Strada
51.2%
91
Aguirre, der Zorn Gottes
47.4%
16
L'Atalante
45.3%
Placing
Film
% Correct
64
Greed
44.6%
81
Ikiru
43.2%
79
Bringing Up Baby
42.9%
69
Zerkalo
42.3%
34
Ordet
41.5%
100
Sherlock Jr.
41.5%
63
Rio Bravo
41.1%
82
Amarcord
38.3%
76
The Man Who Shot Liberty Valance
38.1%
31
Les Enfants du paradis
37.9%
65
Il Conformista
37.7%
66
Il Gattopardo
37.1%
98
Roma, città aperta
36.8%
87
Playtime
36.4%
59
Pather Panchali
36.2%
56
Le Mépris
35.8%
71
To Be or Not to Be
35.8%
54
Ugetsu monogatari
35.6%
80
Pickpocket
34.5%
97
Chelovek s kino-apparatom
33.5%
61
Au hasard Balthazar
31.2%
68
Viridiana
30.3%
84
Pierrot le fou
29.1%
89
L'Année dernière � Marienbad
28.2%
78
Madame de...
28%
95
La Battaglia di Algeri
27.8%
90
L'Âge d'or
26.9%
96
Hiroshima mon amour
26.9%
85
My Darling Clementine
24.8%
77
Letter from an Unknown Woman
20.6%
88
Sanshô dayû
20%
86
Viaggio in Italia
19.6%
Quiz Playlist
Details
Report
Send in Message
Add To Playlist
Classic:
Type in answers that appear in a list
Quiz Source
Last Updated: Feb 16, 2017
Quiz Scoreboard
CHALLENGE
Sign Up to Join the Scoreboard
Show All
Scores
Hide
Comments
May contain spoilers
Recently Published
An Introduction to Baseball
by treessimontrees
Sports
5m
Movies - When Are They Set?
by FPL_Elf
Movies
5m
Popular People in 1961
by mucciniale
History
6m
More to Explore
Quiz From the Vault
Featured Blog Post
Where Did the Easter Bunny Come From?
hide this ad
You Might Also Like...
Tags
Director Quiz
100
Image Quiz
shoot
They Shoot
Today's Top Quizzes in Movies
Browse Movies
hide this ad
Today's Top Quizzes in Director
Browse Director
Top Contributed Quizzes in Movies
1
Pick 5 Posters: Directed by Spielberg
2
Pick 5 Posters: Lowest-Rated Spielberg
3
7-to-1: Pixar Characters
4
Multi-Oscar Nominations, One Movie, One Winner
5
Pick 5 Posters: Directed by Scorsese
6
12 Movies about Fictional 1960s Events
7
Pick 5 Posters: Star & Director
8
Sorting Actors
9
Sorting Actresses
10
One Thing in Common: Movies
Explore More
Trending Topics
Kpop
Anime
NBA
Disney
Marvel
Crossword
Harry Potter
NFL
WWE
Song
Country
The Office
Soccer
Pokémon
Puzzle
hide this ad
More By:
kevintiger
Quiz
Plays
Rating
Category
Featured
Created
The Definitive Best Western Films
935
4.31
Movies
Oct 4, 2010
Greatest Hard-Drinking American Writers
764
4.43
Literature
Jun 21, 2010
The James Dean Trivia Quiz
612
5.00
Movies
Nov 22, 2010
Top 50 Film Noirs
575
3.57
Movies
Jun 3, 2010
Great Directors and their Best Films
535
4.50
Movies
Oct 9, 2010
Go to Creator's Profile
Score Distribution
Quiz Creator Spotlight
kevintiger
Follow
Send a Message
Quizzes Created
-
Created Quiz Play Count
-
More By This Creator
Popular Quizzes Today
1
Find the Countries of Europe - No Outlines Minefield
2
Find the US States - No Outlines Minefield
3
The Countries of the World
4
Popular People in 1961
5
Find the US States
6
US States
7
1-10 Letter E Words III
8
Risky Map Clicking: Biggest States A-Z
More Movies Quizzes
'L' Missing Word in Oscar Best Picture Nominees
Quiz Lab
Trending Quizzes
Risky Map Clicking: Least Populous States A-Z
1-10 Letter F Words
1-10 Letter G Words
Not Quite an Element Typing Challenge
One Thing in Common: United Kingdom
Recently Updated
Leaping Animals
pecheneg
Reality TV Shows (A-Z)
bhenderson79
Rickey Henderson's Hall of Fame Teammates
pecheneg
Champions League XIs: Arsenal
pecheneg
Quick Pick: Celebrities in WWE's Hall of Fame
aduchscher
A-Z Keypad Blitz II
pecheneg
Multiple Oscar Actors
pecheneg
Mystery Phrase Blitz: Oscar 'Best Actors'
pecheneg
F. Scott Fitzgerald Novels
LTH
Pick 3 Villains
ddd62291
Trending Topics
Crossword
Marvel
Kpop
Anime
Disney
Harry Potter
NBA
NFL
The Office
Soccer
Song
Pokémon
Country
Puzzle
WWE
Your Account Isn't Verified!
In order to create a playlist on Sporcle, you need to verify the email address you used during registration. Go to your
Sporcle Settings
to finish the process.
Report this User
Report this user for behavior that violates our
Community Guidelines
.
Details:
Send Report
Go to the Sporcle.com Mobile Site →
Comments